| 000 | 00808cam a2200265 a 4500 | ||
|---|---|---|---|
| 005 | 20260322212021.0 | ||
| 008 | data | ||
| 010 | _a 90039952 | ||
| 020 |
_a0671684582 : _c{dollar}19.95 |
||
| 020 |
_a9780671684587 : _c{dollar}19.95 |
||
| 040 |
_aDLC _cDLC _dDLC _dOCoLC _dDLC |
||
| 043 | _an-us-ma | ||
| 050 | 0 | 0 |
_aF71.22.D84 _bA3 1990 |
| 082 | 0 | 0 |
_aB _aB _220 |
| 100 | 1 | _aDukakis, Kitty. | |
| 245 | 1 | 0 |
_aNow you know / _cKitty Dukakis & Jane Scovell. |
| 260 |
_aNew York : _bSimon and Schuster, _cc1990. |
||
| 300 |
_a315 p., [16] p. of plates : _bill. ; _c24 cm. |
||
| 600 | 1 | 0 | _aDukakis, Kitty. |
| 600 | 1 | 0 |
_aDukakis, Michael S. _q(Michael Stanley), _d1933- |
| 650 | 0 |
_aGovernors' spouses _zMassachusetts _xBiography. |
|
| 651 | 0 |
_aMassachusetts _xBiography. |
|
| 700 | 1 |
_aScovell, Jane, _d1934- |
|
| 001 | data | ||
| 999 |
_c481 _d481 |
||